FIFA World Cup Golden Ball Winners - Statistics

General Stats
  • This quiz has been taken 95 times
    64 since last reset
  • The average score is 11 of 16
Answer Stats
Year Nation Answer % Correct
2014 Argentina Lionel Messi
98%
2022 Argentina Lionel Messi
98%
1970 Brazil Pelé
95%
2018 Croatia Luka Modrić
93%
1986 Argentina Diego Maradona
88%
1998 Brazil Ronaldo
86%
2006 France Zinedine Zidane
85%
2010 Uruguay Diego Forlán
71%
1974 Netherlands Johan Cruyff
66%
2002 Germany Oliver Kahn
61%
1966 England Bobby Charlton
56%
1994 Brazil Romário
53%
1962 Brazil Garrincha
46%
1982 Italy Paolo Rossi
41%
1978 Argentina Mario Kempes
36%
1990 Italy Salvatore Schillaci
3%
No matching quizzes found
Score Distribution
Percent of People with Each Score
Percentile by Number Answered
Your Score History
You have not taken this quiz since the last reset